Mixed Word: One Word O Quiz Stats

Quiz Updated Oct 14, 2016

Challenge
Share
Tweet
Embed
Score 0/20 Timer 03:00
1 Play Today
% Correct
Ohio
99.4%
Oliver
94.2%
Omar
92.8%
Ottawa
90.1%
Oregon
86.7%
Okra
84.5%
Onion
80.9%
Oklahoma
80%
Olympia
65.5%
Orson
62.1%
% Correct
Ostrich
62%
Oriole
60.9%
Orlando
60.5%
Oregano
52.9%
Osprey
52.8%
Orange
43.9%
Orville
43.1%
Ouzel
23%
Oilbird
16.7%
Orache
8.3%

You're not logged in!

Compare scores with friends on all Sporcle quizzes.
Join for Free
OR
Log In

You Might Also Like...

Show Comments

Extras

Top Quizzes Today


Score Distribution

Your Account Isn't Verified!

In order to create a playlist on Sporcle, you need to verify the email address you used during registration. Go to your Sporcle Settings to finish the process.

Report this User

Report this user for behavior that violates our Community Guidelines.

Details: